Don't Step on the Mines! Quiz Stats

 Plays Quiz Updated Jun 27, 2018

Score 0/10 Timer 00:15
1 Play Today
% Correct
???
68.3%
???
68.3%
???
68.1%
???
68.1%
???
68%
???
67.9%
???
67.9%
???
67.9%
???
67.9%
???
67.8%

You're not logged in!

Compare scores with friends on all Sporcle quizzes.
OR
Log In

Sporcle TV

Today on Sporcle TV


Watch our educational content, quiz creation guides, and fun videos on Sporcle TV.

Show Comments

Extras

Top Quizzes Today


Score Distribution

Your Account Isn't Verified!

In order to create a playlist on Sporcle, you need to verify the email address you used during registration. Go to your Sporcle Settings to finish the process.

Report this User

Report this user for behavior that violates our Community Guidelines.

Details: